000 02126cam a2200373 a 4500
001 15140689
005 20091119123552.0
008 080114s2009 mauab |rb 001 0 eng
010 _a 2008001613
020 _a9780073381190 (alk. paper)
020 _a0073381195 (alk. paper)
035 _a(OCoLC)ocn190843558
035 _a(OCoLC)190843558
_z(OCoLC)192082932
040 _aDLC
_cDLC
_dBTCTA
_dBAKER
_dC#P
_dBWX
_dDLC
050 0 0 _aHD62.4
_b.H63 2009
082 0 0 _a658.049
_222
_bLUT
100 1 _aLuthans, Fred.
_912680
245 1 0 _aInternational Management :
_bculture, strategy, and behavior/
_cFred Luthans, Jonathan P. Doh.
250 _a7th ed.
260 _aBoston :
_bMcGraw-Hill Irwin, 2009
_cc2009.
300 _axxvii, 619 p. :
_bill. (some col.), col. map ;
_c29 cm.
504 _aIncludes bibliographical references (p. 568-571) and indexes.
650 0 _aInternational business enterprises
_xManagement.
_912681
650 0 _aInternational business enterprises
_xManagement
_vCase studies.
_912682
700 1 _aDoh, Jonathan P.
_912683
856 4 2 _3Contributor biographical information
_uhttp://www.loc.gov/catdir/enhancements/fy0808/2008001613-b.html
856 4 2 _3Publisher description
_uhttp://www.loc.gov/catdir/enhancements/fy0808/2008001613-d.html
856 4 1 _3Table of contents only
_uhttp://www.loc.gov/catdir/enhancements/fy0808/2008001613-t.html
942 _2ddc
_cNB
999 _c13681
_d13681